000 00595nam a2200217Ia 4500
003 OSt
005 20221007064534.0
006 a|||||r|||| 00| 0
007 ta
008 221006b |||||||| |||| 00| 0 eng d
024 _a21,891
037 _cReports / Technical Reports
040 _aFLL
_cFLL
_beng
041 _2eng
_aeng
082 _aZ2,9298.N7t, L8.1
245 0 _aShah commission of inquiry
260 _aDelhi
_bGovt. of India India
_c1978
300 _a94p
_ccm.
942 _hZ2,9298.N7t, L8.1
_cREP
_2CC
999 _c1134387
_d1134387